Die Bibel oder die ganze Heilige Schrift des Alten und Neuen Testaments nach der deutschen Übersetzung D. Martin Luthers. Neu durchgesehen nach dem vom Deutschrn evangelisten Kirchenausschuss genehmigten Text.

Bibliographic Details
Format: Book
Language:German
PhysicalDescription:[4], 396, 76, [17] s. 4°
Published: Stuttgart Privileg. Württembergische Bibelanstalt 1929

MARC

LEADER 00000nam a2200000 a 4500
001 vtls001291961
003 SK-MaSNL
005 20260223214227.0
008 251124s1929 DE 0 ger
035 |a SNK000243653 
040 |a SNK  |b slo  |c SNK  |e AACR2 
044 |a DE 
245 1 4 |a Die Bibel oder die ganze Heilige Schrift des Alten und Neuen Testaments nach der deutschen Übersetzung D. Martin Luthers. Neu durchgesehen nach dem vom Deutschrn evangelisten Kirchenausschuss genehmigten Text. 
260 |a Stuttgart  |b Privileg. Württembergische Bibelanstalt  |c 1929 
300 |a [4], 396, 76, [17] s.  |c 4° 
999 |c 714705  |d 716635 
952 |t P60, <04>, [BOOK], {604}  |a SNK  |b SNK  |y VYP  |7 0  |o snkIB 31400  |i snkK 3611/74  |0 0  |1 0  |4 0  |d 1997-06-24  |l 0  |r 2005-01-02 00:00:00  |w 2026-02-23